000 00707nam a2200241 a 4500
999 _c4002
_d4002
005 20200526123324.0
008 140313b1998 ||||| |||| 00| 0 eng d
040 _aCO-BoIAVH
_cCO-BoIAVH
041 _aeng
044 _acr
082 _a338.4791
090 _aLB
_b03689
110 _bWorld Tourism Organization
_921156
245 _aGuide for local authorities on developing sustainable tourism
260 _as.l.
_bWorld Tourism Organization
_c1998
300 _a194 p.
650 _aTurismo
_9103149
650 _aTurismo sostenible
_9103150
650 _aImpacto ambiental del turismo
_919668
650 _aEvaluación de recursos turísticos
_921158
942 _cLIBRO
_2z
945 _d2004-08-10